| Tag |
First Indicator |
Second Indicator |
Subfields |
| LEADER |
00000cam a2200000 4500 |
| 001 |
in00000061198 |
| 005 |
20151008051634.0 |
| 008 |
750714s1951 nyu b 00000 eng u |
| 010 |
|
|
|a 51005032
|
| 035 |
|
|
|a (OCoLC)01447121
|
| 035 |
|
|
|9 AAG9123AM
|
| 040 |
|
|
|c JPL
|d TXA
|d UtOrBLW
|
| 049 |
|
|
|a TXAM
|c [195844]
|
| 050 |
0 |
0 |
|a UA926
|b .P7
|
| 082 |
0 |
|
|a 355.23
|
| 092 |
|
|
|a 355.23
|b P927c
|
| 100 |
1 |
|
|a Prentiss, Augustin Mitchell,
|d 1890-
|
| 245 |
1 |
0 |
|a Civil defense in modern war ;
|b a text on the protection of the civil population against A-B-C warfare (atomic, bacterial, chemical) /
|c With a chapter on air power today by Augustin M. Prentiss, Jr.
|
| 264 |
|
1 |
|a New York :
|b McGraw-Hill,
|c [1951]
|
| 300 |
|
|
|a xv, 429 pages :
|b illustrations ;
|c 24 cm.
|
| 336 |
|
|
|a text
|b txt
|2 rdacontent
|
| 337 |
|
|
|a unmediated
|b n
|2 rdamedia
|
| 338 |
|
|
|a volume
|b nc
|2 rdacarrier
|
| 504 |
|
|
|a Bibliography: pages 409-417.
|
| 650 |
|
0 |
|a Civil defense.
|
| 650 |
|
0 |
|a Air warfare.
|
| 999 |
|
|
|a MARS
|
| 999 |
f |
f |
|s dc7f4768-b9d4-3005-b5f9-8d18a5cfa07a
|i 4036132a-d1a2-3b9b-91d0-d3a9b929ccce
|t 0
|
| 952 |
f |
f |
|p ric
|a Texas A&M University
|b Rellis Campus
|c Joint Library Facility
|d Remote Storage
|t 0
|e UA926 .P7
|h Library of Congress classification
|i unmediated -- volume
|m A14800804647
|
| 998 |
f |
f |
|a UA926 .P7
|t 0
|l Remote Storage
|